000 00372nam a2200157Ia 4500
003 OSt
005 20240208101832.0
008 170524s9999 xx 000 0 und d
020 _a978-1259025655
040 _cIIMT UNIVERSITY
100 _aCUTCHER -LEANNE
100 _c2012
245 0 _aCASES IN STRATEGIC MANAGEMENT
260 _aTATA MC GRAW HILL
942 _2ddc
_c01
999 _c2678
_d2678